000 00736cam a2200229 i 4500
003 SA-RiAUC
005 20240917062625.0
008 240916s1994 su g 000r0 ara c
020 _a9960652025
040 _aSA-RiAUC
_bara
_cSA-RiAUC
_erda
043 _aa-su---
082 0 4 _a027
_bم ك ت
245 0 0 _aمكتبة الثقافة :
_bتاريخ ورسالة.
264 1 _aمكة المكرمة :
_bدار الثقافة،
_c1994
300 _a264 صفحة ؛
_c24 سم
336 _aنص
_btxt
_2rdacontent
_3كتاب
337 _aبدون وسيط
_bn
_2rdamedia
338 _aمجلد
_bnc
_2rdacarrier
650 7 _aالمكتبات
_zالسعودية
_2aucsh
942 _2ddc
_cBOOK
949 _aSA-JeALM
_d240916
_umohamedma123
_n1
999 _c348
_d348